The Brazil Quiz - Statistics

General Stats
  • This quiz has been taken 483 times
  • The average score is 8 of 10
Answer Stats
Question Answer % Correct
The capital city Brasilia
98%
Most famous river and rainforest Amazon
97%
City overlooked by Christ The Redeemer statue Rio de Janeiro
96%
Official language Portuguese
95%
Amount of times the men's football team has won the World Cup Five
94%
Currency Real
81%
Country with which it shares longest international border Bolivia
75%
Considered to be the country's national dish Feijoada
53%
Largest religion Roman Catholicism
49%
Percentage of South America covered 47%
39%
No matching quizzes found
Score Distribution
Percent of People with Each Score
Percentile by Number Answered
Your Score History
You have not taken this quiz